La polémica Leibniz-Clarke / (Record no. 90700)

MARC details
000 -LEADER
campo de control de longitud fija 00601nam a2200205 i 4500
001 - NÚMERO DE CONTROL
campo de control 90700
003 - IDENTIFICADOR DE NÚMERO DE CONTROL
campo de control ES-MaACL
005 - FECHA Y HORA DE LA ÚLTIMA TRANSACCIÓN
campo de control 20230906180533.0
007 - CAMPO FIJO DE DESCRIPCIÓN FÍSICA--INFORMACIÓN GENERAL
campo de control de longitud fija t|
008 - DATOS DE LONGITUD FIJA--INFORMACIÓN GENERAL
campo de control de longitud fija 050124s1980 sp ||||1| spa d
100 1# - ENTRADA PRINCIPAL--NOMBRE DE PERSONA
Nombre de persona Leibniz, Gottfried Wilhelm
Títulos y otros términos asociados al nombre Freiherr von.
9 (RLIN) 71367
245 13 - MENCIÓN DEL TÍTULO
Título La polémica Leibniz-Clarke /
Mención de responsabilidad, etc. edición y tarducción de Eloy Rada.
260 ## - PUBLICACIÓN, DISTRIBUCIÓN, ETC.
Lugar de publicación, distribución, etc. [Madrid] :
Nombre del editor, distribuidor, etc. Taurus,
Fecha de publicación, distribución, etc. [1980]
300 ## - DESCRIPCIÓN FÍSICA
Extensión 174 p. ;
Dimensiones 22 cm.
490 1# - MENCIÓN DE SERIE
Mención de serie Ensayistas
700 1# - ENTRADA AGREGADA--NOMBRE PERSONAL
Nombre de persona Rada García, Eloy.
9 (RLIN) 94903
830 0# - PUNTO DE ACCESO ADICIONAL DE SERIE-TÍTULO UNIFORME
Título uniforme Ensayistas
9 (RLIN) 177257
852 ## - LOCALIZACIÓN
Ubicación ES-MaACL
Número de control de estantería L-349
Sublocalización o colección R.101027
Holdings
Estatus retirado Estado de pérdida Estado de daño No para préstamo Biblioteca de origen Biblioteca actual Ubicación en estantería Fecha de adquisición Fuente de adquisición Total de préstamos Signatura topográfica completa Código de barras Visto por última vez Precio de reemplazo Tipo de ítem Koha
        Biblioteca del Ateneo de Madrid Biblioteca del Ateneo de Madrid Depósito 2 17/01/2008     L-349 1094705 23/02/2023 23/02/2023 Libro impreso